| 000 | 01067nam a2200265Ia 4500 | ||
|---|---|---|---|
| 003 | OSt | ||
| 005 | 20221005105203.0 | ||
| 006 | a|||||r|||| 00| 0 | ||
| 007 | ta | ||
| 008 | 221004b |||||||| |||| 00| 0 hin d | ||
| 020 |
_a9788179752340 (hbk) _c395 |
||
| 024 | _a101455 | ||
| 037 |
_b401, 22/03/2010, Swaraj Prakashan _cTextual |
||
| 040 |
_aCRL _cCRL _bhin |
||
| 041 |
_2hin _ahin |
||
| 082 | _a4,1, 152P8 | ||
| 100 | _aचतुर्वेदी, जगदीश्वर | ||
| 245 | 0 | _aवैकल्पिक मीडिया, लोकतंत्र और नॉम चोम्स्की | |
| 246 | _aVaikalpik mīḍiyā, lokatantra aur naॉm chomskī | ||
| 260 |
_aनई दिल्ली _bअनामिका पब्लिशर्स भारत _c2008 |
||
| 300 |
_a220पृ _ccm. |
||
| 700 | _a सिंह, सुधा | ||
| 942 |
_h4,1, 152P8 _cTEXL _2cc |
||
| 999 |
_c1015042 _d1015042 |
||